000 00343nam a2200133Ia 4500
008 151001s9999||||xx |||||||||||||| ||und||
100 _aअरुण शेवते
245 _aनिवडक ऋतू रंग
250 _a1
260 _bलोकवाङ्मय गृह
260 _c2014
300 _a648
365 _b21
999 _c1001096
_d1001093